000 00312nam a2200157Ia 4500
100 _aMcNab Chris
250 _a2
942 _cBK
366 _f25
245 _aNetwork security Assessment
260 _bOreilly
_c2008
082 _a5.8
_bMCN
300 _a478
546 _aENGLISH
_cComputers
999 _c33117
_d33117